| 000 -GUIDE |
| Champ de contrôle de longueur fixe |
02566nam a22002657a 4500 |
| 003 - IDENTITÉ DU NUMÉRO DE CONTRÔLE |
| Champ de contrôle |
BI-BuBU |
| 008 - ÉLÉMENTS DE LONGUEUR FIXE - RENSEIGNEMENTS GÉNÉRAUX |
| Champ de contrôle de longueur fixe |
150202t2014 bd||||dr|||| 000 0 fre d |
| 037 ## - SOURCE D'ACQUISITION |
| Source d'acquisition et du numéro d'inventaire |
Don |
| 039 ## - NIVEAU DE CONTRÔLE BIBLIOGRAPHIQUE ET HISTORIQUE D'ENCODAGE [OBSOLETE] |
| Date creation |
2015020201361.0 |
| Nom catalographe |
Cécile Mpitarusuma |
| 040 ## - SOURCE DU CATALOGAGE |
| Organisme qui a effectué le catalogage original |
BI-BuBU |
| Code de la langue utilisée dans le catalogage |
fre |
| Organisme qui a effectué la transcription |
BI-BuBU |
| 041 0# - CODE DE LANGUE |
| Code de langue du texte/de la piste sonore ou du titre distinct |
fre |
| 080 ## - INDICE DE LA CLASSIFICATION DÉCIMALE UNIVERSELLE (CDU) |
| Indice de la Classification décimale universelle |
331.823. |
| 100 1# - VEDETTE PRINCIPALE - NOM DE PERSONNE |
| Code de relation |
aut. |
| Nom de personne |
Nijimbere, Gilbert |
| 245 1# - MENTION DU TITRE |
| Titre |
Analyse des obligations de l'employeur par rapport à la santé et à la sécurité de ses travailleurs |
| Mention de responsabilité, etc. |
Gilbert Nijimbere ; Dr Frédéric Ntimarubusa, directeur |
| 260 ## - PUBLICATION, DIFFUSION, ETC. (ADRESSE BIBLIOGRAPHIQUE) |
| Lieu de publication, diffusion, etc. |
Bujumbura |
| Nom de l'éditeur, diffuseur, etc. |
Université du Burundi, Faculté de Dorit |
| 300 ## - DESCRIPTION MATÉRIELLE |
| Collation |
IV-88 f. |
| Dimensions |
30 cm. |
| 520 ## - RÉSUMÉ, ETC. |
| Résumé, etc. |
La vie humaine est comme une lutte et dans cette dernière, l'homme y rencontre des nuisances et surtout dans l'exécution du contrat de travail où sa santé et sécurité sont souvent menacées. La protection de la santé et de la sécurité physique et morale des travailleurs a préoccupé les pays industrialisés quitte à la faire une pierre angulaire du droit du travail.<br/><br/>Ce travail expose l'obligation de prévention des maladies et des accidents et l'obligation de prendre en charge un travailleur malade ou accidenté mises à la charge de l'employeur pour montrer l'inefficacité et l'ineffectivité des garanties de protection de la santé et la sécurité des travailleurs dépendants au Burundi.<br/><br/>Il analyse les notions générales sur la santé et la sécurité des travailleurs en passant par le sens des concepts "santé et sécurité au travail". Là, il expose aussi les risques qui menacent la santé et la sécurité des travailleurs dans ou en dehors de l'entreprise.<br/><br/>Ce travail traite, ensuite, l'obligation de prévention mise à la charge de l'employeur en indiquant les organes indispensables en matière de prévention que l'employeur doit mettre en place dans son entreprise. Enfin, il examine l'obligation de prise en charge du malade ou de l'accidenté sans oublier la situation professionnelle du travailleur après la suspension du contrat liée au risque. Il est clôturé par l'examen des sanctions en cas de méconnaissance de l'une ou l'autre obligation. |
| 650 #7 - VEDETTE-MATIÈRE - NOM COMMUN |
| Source du terme |
BI-BuBU |
| Vedette de sujet ou vedette comportant un nom géographique |
Travailleur |
| Subdivision générale |
Santé |
| -- |
Employeur |
| -- |
Obligation |
| 9 (RLIN) |
106432 |
| 650 #7 - VEDETTE-MATIÈRE - NOM COMMUN |
| Source du terme |
BI-BuBU |
| Vedette de sujet ou vedette comportant un nom géographique |
Travailleur |
| Subdivision générale |
Sécurité |
| -- |
Employeur |
| -- |
Obligation |
| 9 (RLIN) |
106433 |
| 655 #7 - TERME D'INDEXATION - GENRE OU FORME |
| Source du terme |
BI-BuBU |
| Données ou terme dominant sur le genre ou la forme |
Mémoire |
| 9 (RLIN) |
107015 |
| 700 1# - VEDETTE SECONDAIRE - NOM DE PERSONNE |
| Code de relation |
dir. |
| Nom d'auteur |
Ntimarubusa, Frédéric |
| 9 (RLIN) |
106435 |
| 942 ## - ÉLÉMENTS D'ENTRÉE ADDITIONNELLE (KOHA) |
| Source de la classification ou du système de rangement |
|
| Type d item koha |
Memoire |